[Event "Mumbai Aurionpro U14 op"]
[Site "Mumbai"]
[Date "2025.06.22"]
[Round "7"]
[White "Sameer, Singh Shergill"]
[Black "Singh, Shaurya"]
[Result "1-0"]
[WhiteElo "1734"]
[BlackElo "1849"]
[PlyCount "74"]
[EventDate "2025.06.16"]
[EventType "swiss"]
[EventRounds "9"]
[EventCountry "IND"]
[SourceTitle "CB26_2025"]
[SourceDate "2025.06.25"]
[SourceVersion "1"]
[SourceVersionDate "2025.06.25"]
[SourceQuality "1"]

1. d4 Nf6 2. Bf4 g6 3. e3 Bg7 4. Nf3 0-0 5. Be2 d6 6. h3 Nbd7 7. 0-0 b6 8. a4 a6 9. c3 Bb7 10. Nbd2 Re8 11. Bh2 e5 12. b4 Qe7 13. Qb3 exd4 14. cxd4 c5 15. Rac1 Rac8 16. Rfd1 cxd4 17. Nxd4 Ne5 18. N4f3 Bd5 19. Qa3 Qb7 20. Rxc8 Rxc8 21. Rc1 Rxc1+ 22. Qxc1 a5 23. b5 Nfd7 24. Nxe5 dxe5 25. f3 Nc5 26. e4 Be6 27. Nc4 Qc7 28. Qc2 Nd7 29. Kh1 Bh6 30. Bd3 f6 31. Bg1 Bf8 32. Nxb6 Nc5 33. Nd5 Bxd5 34. exd5 Qd6 35. Bc4 f5 36. Bb3 Be7 37. Bxc5 Qd8 1-0

[Event "Mumbai Aurionpro U14 op"]
[Site "Mumbai"]
[Date "2025.06.21"]
[Round "6"]
[White "Singh, Shaurya"]
[Black "Maniar, Hriday"]
[Result "0-1"]
[WhiteElo "1849"]
[BlackElo "1787"]
[PlyCount "64"]
[EventDate "2025.06.16"]
[EventType "swiss"]
[EventRounds "9"]
[EventCountry "IND"]
[SourceTitle "CB26_2025"]
[SourceDate "2025.06.25"]
[SourceVersion "1"]
[SourceVersionDate "2025.06.25"]
[SourceQuality "1"]

1. e4 e5 2. Nf3 Nc6 3. Bb5 a6 4. Ba4 Nf6 5. 0-0 Be7 6. d3 b5 7. Bb3 d6 8. c3 0-0 9. a4 Bd7 10. Bc2 Re8 11. Re1 h6 12. Nbd2 Bf8 13. Nf1 Ne7 14. Ng3 Ng6 15. d4 c5 16. dxc5 dxc5 17. h3 Qc7 18. Be3 Rad8 19. Nd2 Be6 20. Qf3 Qc8 21. Qe2 c4 22. axb5 axb5 23. Ra5 Nh4 24. Rea1 Bxh3 25. gxh3 Rxd2 26. Bxd2 Qxh3 27. f3 Qxg3+ 28. Kf1 Bc5 29. Be3 Bxe3 30. Qxe3 Qg2+ 31. Ke1 Nxf3+ 32. Kd1 Qf1+ 0-1

[Event "Cape Town Masters"]
[Site "Cape Town"]
[Date "2025.01.10"]
[Round "7"]
[White "Mnyasta, Charlton"]
[Black "Singh, Shaurya"]
[Result "1-0"]
[WhiteElo "2136"]
[BlackElo "1817"]
[PlyCount "57"]
[EventDate "2025.01.06"]
[EventType "swiss"]
[EventRounds "9"]
[EventCountry "RSA"]
[SourceTitle "CB03_2025"]
[SourceDate "2025.01.15"]
[SourceVersion "1"]
[SourceVersionDate "2025.01.15"]
[SourceQuality "1"]

1. e4 c5 2. Nf3 Nc6 3. b4 Nxb4 4. c3 Nc6 5. d4 cxd4 6. cxd4 e6 7. Nc3 Bb4 8. Bd2 Nge7 9. a3 Ba5 10. d5 Nb8 11. d6 Ng6 12. h4 Nc6 13. h5 Nge5 14. h6 g6 15. Nxe5 Nxe5 16. f4 Nc6 17. e5 f6 18. Qg4 fxe5 19. Bd3 Rg8 20. 0-0 Qf6 21. fxe5 Qxe5 22. Qf3 Qd4+ 23. Rf2 Ne5 24. Qf6 Qxd6 25. Bxg6+ hxg6 26. h7 Rf8 27. Qxf8+ Qxf8 28. Rxf8+ Kxf8 29. h8Q+ 1-0

[Event "Cape Town Masters"]
[Site "Cape Town"]
[Date "2025.01.08"]
[Round "4"]
[White "Kleinsmidt, Cherwin"]
[Black "Singh, Shaurya"]
[Result "0-1"]
[WhiteElo "1918"]
[BlackElo "1817"]
[PlyCount "82"]
[EventDate "2025.01.06"]
[EventType "swiss"]
[EventRounds "9"]
[EventCountry "RSA"]
[SourceTitle "CB03_2025"]
[SourceDate "2025.01.15"]
[SourceVersion "1"]
[SourceVersionDate "2025.01.15"]
[SourceQuality "1"]

1. e4 c5 2. Nf3 Nc6 3. Bb5 g6 4. Bxc6 dxc6 5. 0-0 Bg7 6. h3 Qc7 7. Qe2 e5 8. a4 a5 9. b3 Nf6 10. d3 0-0 11. Be3 b6 12. Nbd2 Nd7 13. Nc4 Re8 14. Qd2 Nf8 15. Rfe1 Ne6 16. c3 Ba6 17. Qb2 Red8 18. Red1 Rd7 19. Ng5 Nxg5 20. Bxg5 f6 21. Be3 Rad8 22. Qc2 Bf8 23. Nb2 Rd6 24. Rd2 R8d7 25. Rad1 Qd8 26. f4 Bh6 27. g3 f5 28. Kh2 exf4 29. gxf4 Qh4 30. Rf2 fxe4 31. d4 Rf7 32. Qxe4 Rdf6 33. dxc5 Bxf4+ 34. Rxf4 Rxf4 35. Bxf4 Rxf4 36. Qe6+ Kg7 37. Rg1 Rf2+ 38. Rg2 Qf4+ 39. Kh1 Rf1+ 40. Rg1 Qf3+ 41. Kh2 Rf2+ 0-1